Moratín y su época / (Record no. 117718)

MARC details
000 -LEADER
campo de control de longitud fija 00554nam a2200181 4500
001 - NÚMERO DE CONTROL
campo de control 117718
003 - IDENTIFICADOR DE NÚMERO DE CONTROL
campo de control ES-MaACL
005 - FECHA Y HORA DE LA ÚLTIMA TRANSACCIÓN
campo de control 20230906190946.0
007 - CAMPO FIJO DE DESCRIPCIÓN FÍSICA--INFORMACIÓN GENERAL
campo de control de longitud fija t|
008 - DATOS DE LONGITUD FIJA--INFORMACIÓN GENERAL
campo de control de longitud fija 070214s1958 sp r ||||1| spa d
100 1# - ENTRADA PRINCIPAL--NOMBRE DE PERSONA
Nombre de persona Papell, Antonio.
9 (RLIN) 88869
245 10 - MENCIÓN DEL TÍTULO
Título Moratín y su época /
Mención de responsabilidad, etc. Antonio Papell.
260 ## - PUBLICACIÓN, DISTRIBUCIÓN, ETC.
Lugar de publicación, distribución, etc. Palma de Mallorca :
Nombre del editor, distribuidor, etc. Atlante,
Fecha de publicación, distribución, etc. 1958.
300 ## - DESCRIPCIÓN FÍSICA
Extensión 380 p. ;
Dimensiones 24 cm.
500 ## - NOTA GENERAL
Nota general A la port.: `Edición del Excmo. Ayuntamiento de Palma`.
710 2# - ENTRADA AGREGADA--NOMBRE DE ENTIDAD CORPORATIVA
Nombre de entidad corporativa o nombre de jurisdicción como elemento de entrada Palma de Mallorca.
Unidad subordinada Ayuntamiento.
9 (RLIN) 6109
852 ## - LOCALIZACIÓN
Ubicación ES-MaACL
Número de control de estantería C-14332
Sublocalización o colección R.42318
Holdings
Estatus retirado Estado de pérdida Estado de daño No para préstamo Biblioteca de origen Biblioteca actual Ubicación en estantería Fecha de adquisición Fuente de adquisición Total de préstamos Signatura topográfica completa Código de barras Visto por última vez Precio de reemplazo Tipo de ítem Koha
        Biblioteca del Ateneo de Madrid Biblioteca del Ateneo de Madrid Sala Palomar 17/01/2008     C-14332 1122727 23/02/2023 23/02/2023 Libro impreso